000 01110nam a22002537a 4500
005 20170124103152.0
010 _aB-151423
020 _c195.00
_a8187472286
035 _aB-151423
037 _bCen Lib/Ret
040 _aDPL
_bHN
082 _a608
_bसूदमो
100 _aसूद, मोना
_92233
245 _aकल्याणकारी आविष्कार एवं खोजें /
_cमोना सूद
246 _aKalyankari aavishkar evam khojein /
_bby Mona Sood
260 _aनई दिल्ली
_bविजय पब्लिशर्स
_c2004
270 _a5, गोला मार्किट , दरियागंज
_bनई दिल्ली
_e110002
300 _a176पृ.
_c21सेमी (सजिल्द)
650 _a विज्ञान - इतिहास।
_988464
650 _aवैज्ञानिकों का मानना है - जीवनी।
_988465
650 _aScience -- History.
_917841
650 _aScientists -- Biography.
_939965
942 _2ddc
_cHN
_h608
_mसूदमो
999 _c120085
_d120085